[Event "83rd ESP-ch Women-ch 2018"]
[Site "Linares"]
[Date "2018.08.25"]
[Round "6"]
[White "Sole Pijuan, Ferran"]
[Black "Jimenez De La Torre, Jose A"]
[Result "1/2-1/2"]
[WhiteElo "2320"]
[BlackElo "2076"]
[Annotator "TA"]
[PlyCount "170"]
[EventDate "2018.08.20"]
[EventType "swiss"]
[EventCountry "ESP"]
[SourceTitle "playchess.com"]
[Source "ChessBase"]
[SourceQuality "1"]

{[%evp 19,170,-24,-14,-23,-10,-2,11,9,23,14,12,7,20,0,7,-5,0,-28,-31,-33,-3,-5,11,9,3,-56,-76,-79,9,10,10,10,10,10,10,10,10,11,15,7,7,7,5,5,8,0,18,0,22,0,0,0,2,0,0,-8,0,-44,0,-46,-52,-64,-64,-110,-116,-119,-79,-97,-77,-102,-60,-112,-83,-88,-79,-103,0,-110,-60,-77,-64,-62,-25,-57,-35,-32,-18,-16,0,-41,-23,-29,-8,-8,-8,-8,286,-56,-57,-58,-56,-99,-90,-138,-121,-133,-131,-132,-140,-139,-70,-69,0,0,0,-36,-36,-36,-36,-36,-36,-101,-36,-36,-34,-42,-34,-34,-34,-34,-34,-287,0,0,0,0,0,0,0,0,0,0,0,0,0,0,0,0,0,0,0,0,0]} 1. d4 d5 2. c4 e6 3. Nc3 c5 4. cxd5 cxd4 5. Qa4+ Bd7 6. Qxd4 exd5 7. Nf3 Nc6 {D32: Tarrasch Defence: Sidelines and lines without g3} 8. Qd1 Bb4 9. e3 Nf6 10. Bd2 O-O {LiveBook: 3 Games} 11. Be2 (11. a3 Ba5 12. Be2 Bg4 13. O-O d4 14. exd4 Nxd4 15. Nxd4 Qxd4 {½-½ (26) Nakamura,H (2769)-So,W (2778) Paris 2018}) 11... Bf5 12. O-O d4 $146 ({Predecessor:} 12... Qe7 13. Nd4 Nxd4 14. exd4 Rac8 15. Re1 Qd7 16. Bb5 Qd6 17. Re5 Be6 {0-1 (27) Mueller,R (1433)-Ragg,W (1695) Voelklingen 2000}) 13. exd4 Nxd4 14. Nxd4 Qxd4 15. Be3 Qh4 16. Qa4 Bd7 $1 {[%cal Rd7a4]} 17. Qd1 Bc6 $36 {[%mdl 2048] Black has good play.} 18. Bf3 Rad8 19. Qe2 $1 Bxf3 20. Qxf3 Rd3 21. Rad1 Ng4 {[%csl Gg4][%cal Rh4h2]} 22. Qg3 (22. h3 $11 Nxe3 23. Rxd3 Nxf1 24. Kxf1) 22... Qxg3 $15 23. hxg3 Rfd8 ({But not} 23... Nxe3 24. Rxd3 Nxf1 25. Kxf1 $11) (23... Rxe3 $17 24. fxe3 Nxe3) 24. Bxa7 Bxc3 25. Rxd3 Rxd3 26. bxc3 Rxc3 $11 {[%mdl 4096] Endgame KRB-KRN} 27. f3 Nf6 28. Rd1 {Intending Rd8+ and mate.} h6 29. Rd8+ Kh7 30. Bd4 Rc1+ 31. Kh2 Kg6 32. a4 Rc7 33. a5 Re7 34. Ra8 Rd7 35. Bb2 Nd5 36. Ra7 Nb4 37. Ra8 Rd5 38. Ba3 Rh5+ 39. Kg1 Na6 40. Ra7 Rxa5 41. Bb2 Rb5 42. Ba3 Nc7 43. Bd6 Rb1+ 44. Kh2 Ne6 45. Ra8 (45. g4 $15) 45... Rd1 46. Bb4 Rd4 47. Be1 Rd1 ({Black should play} 47... h5 $17 48. Ra7 Rd1) 48. Bf2 (48. Bb4 $11 {was the only way to keep the balance.}) 48... b5 49. Rb8 Rb1 50. g4 Nf4 51. Be3 Nd5 52. Bd4 Rd1 53. Bc5 Rb1 54. Kg3 Rb3 55. Bf2 f5 56. gxf5+ Kxf5 57. Bd4 g6 $2 {[%mdl 8192] [#]} (57... g5 $11 {and Black has nothing to worry.}) 58. Rd8 $2 ({White has to play} 58. Re8 $1 $18 {[%cal Re8e5]} Rd3 59. Re5+ Kf6 60. Rxd5+ Ke6 61. Re5+ (61. Rxb5 Rxd4 62. Rb6+ Kf5 $11) 61... Kd6 62. Re4) 58... Ke6 $15 59. Bc5 Rc3 60. Bd4 Rc4 61. Bb2 b4 62. Rg8 Ne7 63. Rb8 Nf5+ 64. Kh2 h5 (64... Kd5 $17 65. Bf6 h5) 65. Rb6+ Nd6 (65... Kd5 $15 66. Rxg6 Rc2) 66. Bg7 $1 $11 Kf7 67. Rxd6 (67. Bh6 {is interesting.} Rh4+ 68. Kg1 Rd4 69. Be3 Rd3 70. Bc5) 67... Kxg7 {KR-KR} 68. Rb6 g5 69. Kg3 Kf7 70. Kf2 {[#]} (70. Rb5 $1 $15) 70... Rc2+ (70... h4 $1 $17 71. Rb7+ Ke6) 71. Kg3 $1 $15 Rb2 {aiming for ...Rb1.} 72. Kh3 $1 Rb1 73. g3 $1 b3 {White must now prevent ...b2.} 74. f4 b2 {And now ...Rh1+ would win.} 75. Kh2 $2 {[%mdl 8192]} (75. Kg2 $15) 75... h4 $2 (75... gxf4 $19 76. gxf4 Ke7) 76. fxg5 $11 {The position is equal.} hxg3+ 77. Kg2 Kg7 {Hoping for ...Kf7.} 78. g6 Kh6 {...Kg7 is the strong threat.} 79. Rb3 Kxg6 {Strongly threatening ...Kf5.} 80. Rxg3+ Kf5 {( -> ...Re1)} 81. Rb3 Ke4 {Threatens to win with ...Kd4.} 82. Rb4+ Kd3 83. Rb8 Rc1 84. Rxb2 Rc2+ 85. Rxc2 Kxc2 {Precision: White = 47%, Black = 40%.} 1/2-1/2

[Event "83rd ESP-ch Women-ch 2018"]
[Site "Linares"]
[Date "2018.08.25"]
[Round "6"]
[White "Serarols Mabras, Bernat"]
[Black "Garriga Cazorla, Pere"]
[Result "1/2-1/2"]
[WhiteElo "2313"]
[BlackElo "2444"]
[Annotator "TA"]
[PlyCount "104"]
[EventDate "2018.08.20"]
[EventType "swiss"]
[EventCountry "ESP"]
[SourceTitle "playchess.com"]
[Source "ChessBase"]
[SourceQuality "1"]

{[%evp 26,104,48,32,25,0,48,9,43,32,179,176,181,156,215,221,219,-17,-21,-22,0,0,0,0,0,0,8,-2,0,0,0,-12,-6,-8,0,0,0,0,0,-72,-24,-24,-24,-48,-8,-20,0,0,6,8,21,-72,-72,-87,-45,-32,-13,-39,-39,-31,-37,-57,-8,-52,0,0,0,0,2,0,25,18,22,6,22,13,14,0,40,0,19]} 1. d4 Nf6 2. c4 e6 {[%cal Be7e6,Be6e5][%mdl 32]} 3. g3 c5 4. Nf3 cxd4 5. Nxd4 d5 6. Bg2 e5 7. Nf3 d4 8. O-O Nc6 9. e3 Bc5 10. exd4 exd4 11. Re1+ Be6 12. Ng5 O-O 13. Nxe6 fxe6 14. Nd2 {[%cal Bb1d2,Bd2f3,Bf3g5,Bg5e6][%mdl 32] LiveBook: 53 Games} a5 {E01: Catalan: Early deviations} (14... Qd6 15. Ne4 Nxe4 16. Bxe4 Rf7 17. Bf4 Rxf4 18. gxf4 Rf8 19. Qh5 h6 20. Kh1 Rxf4 21. Qe8+ Rf8 22. Qg6 Rxf2 23. Bg2 Ne5 24. Qe4 Nxc4 25. Rad1 Nxb2 26. Rb1 d3 27. Rg1 d2 {0-1 (27) Goganov,A (2621)-Nguyen,A (2482) Ho Chi Minh City 2017}) 15. Nf3 Qb6 16. Bh3 $146 ({Predecessor:} 16. Qb3 Nb4 17. a3 a4 18. Qd1 Nc6 19. Qd3 Na5 20. Ng5 Nb3 21. Rxe6 Nxc1 22. Rxc1 Qxb2 {½-½ (128) Maki Uuro,M (2391)-Fernando,D (2391) playchess.com INT 2003}) 16... Kh8 17. Rxe6 Rad8 (17... Rae8 $14) 18. Qd3 $18 Rde8 {[#]} 19. Ng5 $1 Rxe6 (19... h6 $16 {might work better.}) 20. Nxe6 {aiming for Qf5.} Re8 21. Bg5 $2 ({White should play} 21. Bf4 $18) 21... Ne5 $11 22. Qf5 Rxe6 {[%cal Be8e6,Be6f6,Bf6f8][%mdl 32]} 23. Bxf6 Rxf6 24. Qxe5 d3 25. Rf1 $1 Rf8 ({Don't go for} 25... Rxf2 $2 26. Rxf2 Bxf2+ 27. Kf1 $18) 26. b3 d2 $36 {[%cal Rf8f2][%mdl 2048] Black is more active.} 27. Bg4 Bb4 28. Bd1 Qg6 29. Qd5 Qf7 30. Qd3 Qf6 31. Bc2 {[%csl Gc2][%cal Rd3h7] [#]} g6 32. Bd1 (32. Kg2 $11 {keeps the balance.}) 32... b6 {[%mdl 1024] Black has strong compensation.} 33. h4 Kg7 34. Kg2 Re8 35. h5 Rd8 36. Qe4 Bc5 37. hxg6 hxg6 38. Qf3 (38. Bf3 $11 {remains equal.}) 38... Re8 $17 39. Be2 Qxf3+ (39... Qd4 {looks sharper.} 40. Rh1 Rf8 41. Qb7+ Kf6 42. Qc6+ Kf5) 40. Kxf3 {[%mdl 4096] Endgame KRB-KRB} Rf8+ 41. Kg2 Rf6 42. Bg4 Rf7 43. Be2 Kf8 44. Bf3 Ke7 (44... Re7 $15) 45. Rd1 $11 Bb4 46. Bd5 Rf5 47. f4 Kd6 48. Kf3 Rh5 49. Be4 Rh6 50. Ke3 Rh3 51. Kf3 Rh6 52. Ke3 Rh3 {Precision: White = 33%, Black = 41%.} 1/2-1/2

[Event "83rd ESP-ch Women-ch 2018"]
[Site "Linares"]
[Date "2018.08.25"]
[Round "6"]
[White "Calzetta Ruiz, Monica"]
[Black "Ortin Blanco, Ainhoa"]
[Result "1-0"]
[WhiteElo "2302"]
[BlackElo "1951"]
[Annotator "TA"]
[PlyCount "105"]
[EventDate "2018.08.20"]
[EventType "swiss"]
[EventCountry "ESP"]
[SourceTitle "playchess.com"]
[Source "ChessBase"]
[SourceQuality "1"]

{[%evp 9,105,6,0,0,-10,-30,-28,-28,-28,-37,-29,-30,-31,-55,-65,-122,-17,-9,19,19,17,17,21,17,42,43,59,53,86,75,97,70,124,61,97,38,37,47,35,36,73,79,120,133,136,107,118,102,114,100,102,102,90,95,109,129,129,40,21,31,29,8,112,107,126,0,0,0,33,40,27,0,6,7,91,80,510,500,497,497,503,495,482,465,590,579,628,620,29968,29968,29978,29979,29978,29977,4827,1240,1172,1127]} 1. e4 c5 2. Nf3 Nc6 3. Bb5 g6 4. Bxc6 bxc6 5. O-O Bg7 {LiveBook: 1493 Games} 6. c4 {B31: Sicilian: 2...Nc6 3 Bb5 g6} (6. Re1 Nh6 7. c3 O-O 8. h3 f5 9. e5 Nf7 10. d3 a5 11. Bf4 e6 12. Qd2 h6 13. h4 Re8 14. c4 d6 15. Nc3 Ra7 {1-0 (35) Anand,V (2776)-Dubov,D (2701) Moscow 2018}) 6... d6 7. h3 e5 8. d3 {Black has an edge.} Ne7 9. Bd2 $146 ({Predecessor:} 9. a3 a5 10. Nc3 O-O 11. Rb1 Rb8 12. Bd2 h6 13. Na2 Be6 14. b4 cxb4 15. axb4 axb4 16. Rxb4 {½-½ (42) Toman,O (2206)-Spicka,J (1959) Klatovy 2017}) 9... a5 10. Qa4 Bd7 11. Bc3 O-O 12. Nfd2 ({Better is} 12. Nbd2 $15) 12... Nc8 ({Black should play} 12... g5 $17 13. Nf3 f5) 13. f4 $11 exf4 14. Bxg7 Kxg7 15. Rxf4 Qg5 16. Rf3 Ne7 17. Qc2 f5 18. Nc3 Qf6 19. Raf1 Rab8 20. b3 Qe5 (20... Kg8 $14) 21. Ne2 (21. R3f2 $16) 21... a4 22. Qc3 ({White should try} 22. bxa4 $16 Ng8 23. Nc3) 22... Qxc3 $14 23. Nxc3 axb3 24. Nxb3 Be6 {[#]} 25. e5 $1 {[%mdl 512]} d5 (25... dxe5 26. Nxc5) 26. Nxc5 Kf7 27. cxd5 Nxd5 28. N3e4 Ke7 29. Nxe6 Kxe6 30. Nc5+ Ke7 31. d4 Rb4 32. Ra3 Rc8 33. Ra7+ (33. Rd1 $16) 33... Rc7 34. Ra8 {aiming for Na6.} Rxd4 35. Rh8 Rh4 (35... Rc4 $1 $11 36. Rxh7+ Ke8 37. Rh8+ Kf7 38. Rh7+ Ke8 39. Rh8+ Kf7) 36. Rb1 $1 $16 Kf7 {[#]} 37. Rbb8 ({White must play} 37. a4 $1 $16) 37... Re7 $11 38. e6+ Kf6 {Strongly threatening ...Rc4.} 39. Rbc8 $36 {[%mdl 2048] White has some pressure.} Rd4 40. Rxc6 Rd1+ 41. Kh2 {Rd6 is the strong threat.} Nb4 (41... Ne3 $11 42. Rf8+ Kg7) 42. Rcc8 $16 Nxa2 $2 {[%mdl 8192] [#]} (42... Rd6 $16) 43. Rcf8+ $1 $18 Ke5 44. Rf7 Rxe6 45. Nxe6 Kxe6 46. Rfxh7 {[%mdl 4096] Endgame KRR-KRN} f4 47. Rg8 Kf5 48. Rf7+ Kg5 {[#]} 49. h4+ $1 Kg4 (49... Kxh4 50. Rxg6) 50. Rxg6+ Kh5 51. Rg8 {[%cal Rf7h7]} Kh6 52. Rxf4 (52. Rf6+ $142 Kh7 53. Ra8) 52... Kh7 53. Rg3 {Precision: White = 54%, Black = 31%.} 1-0

[Event "83rd ESP-ch Women-ch 2018"]
[Site "Linares"]
[Date "2018.08.25"]
[Round "6"]
[White "Galiana Fernandez, Adrian"]
[Black "Porta Tovar, Guillem"]
[Result "1-0"]
[WhiteElo "2291"]
[BlackElo "2166"]
[Annotator "TA"]
[PlyCount "85"]
[EventDate "2018.08.20"]
[EventType "swiss"]
[EventCountry "ESP"]
[SourceTitle "playchess.com"]
[Source "ChessBase"]
[SourceQuality "1"]

{[%evp 15,84,15,15,22,16,8,24,24,16,14,35,34,41,31,59,9,20,0,0,0,0,0,0,0,0,0,0,0,0,0,0,-91,-104,-95,-106,-128,-121,-128,-128,-130,-121,-121,0,0,0,0,0,0,140,128,140,140,140,140,103,0,325,333,542,531,789,410,979,827,12843,12839,12841,12841,12845,12845,29999]} 1. e4 c5 2. Nf3 d6 3. Bb5+ Bd7 4. Bxd7+ Qxd7 5. c4 e5 6. Nc3 g6 7. d3 {B52: Sicilian: Moscow Variation with 3...Bd7} Bg7 8. h4 (8. a3 Nc6 9. b4 Nge7 10. bxc5 dxc5 11. O-O O-O 12. Nd5 Nxd5 13. cxd5 Nd4 14. Be3 b5 {1-0 (22) Lupulescu,C (2618)-Idani,P (2543) Baku 2016}) 8... h5 {LiveBook: 3 Games} 9. a3 {The position is equal.} Nc6 10. Rb1 Nge7 $146 ({Predecessor:} 10... f5 11. b4 Nf6 12. Bg5 Ng4 13. Nd2 f4 14. Nd5 O-O {1-0 (38) Diaz Camallonga,C (2463)-Porta Tovar,G (2160) Barbera del Valles 2018}) 11. b4 O-O 12. O-O f5 13. Bg5 Rf7 14. Re1 Raf8 15. Nd5 (15. bxc5 {looks sharper.} dxc5 16. Nd5 Nc8 17. Be3 b6 18. Ng5) 15... fxe4 $1 16. Nxe7+ Nxe7 17. dxe4 {aiming for bxc5.} Nc6 18. bxc5 Rxf3 19. gxf3 Nd4 20. Re3 {Hoping for cxd6.} dxc5 21. Kg2 Kh7 22. a4 Bh6 23. a5 (23. Bxh6 $11 Kxh6 24. a5) 23... Bxg5 $17 24. hxg5 Qe7 25. Qg1 Qxg5+ 26. Kf1 Qe7 {[%mdl 1024] Black has strong compensation.} 27. Qg3 Rf7 28. Kg2 Ne6 (28... Rf4 $17) 29. Reb3 $1 $11 Nf4+ 30. Kh2 b6 31. axb6 axb6 (31... Ne2 $1 $11 32. Qh3 axb6) 32. Rxb6 $16 Rg7 {intending ...Ne2.} 33. Rb7 Qd8 {[#]} 34. Rb8 $1 {[%cal Rb8d8]} Qf6 35. Rc8 (35. R1b6 $16 Qe7 36. Rb2) 35... g5 $2 {[%mdl 8192]} (35... Ne2 $11 36. Qh3 Rf7) 36. Rbb8 $18 ({But not} 36. Rxc5 $2 g4 $19) 36... Qe6 $2 (36... Ng6 {was called for.} 37. Rxc5 Nh4) 37. Rxc5 g4 {[#] White must now prevent ...gxf3.} 38. Rbc8 gxf3 (38... Qh6 $142) 39. R5c7 {[%csl Gc7][%cal Rg3g7]} Ng6 40. Qxf3 {[%cal Rf3h5]} Kh6 41. Rc6 Qd7 42. Rh8+ Kg5 43. Rxh5# {Precision: White = 67%, Black = 43%.} 1-0

[Event "83rd ESP-ch Women-ch 2018"]
[Site "Linares"]
[Date "2018.08.25"]
[Round "6"]
[White "Diaz Castro, Sergio"]
[Black "Anillo Fernandez, Isabel Maria"]
[Result "1-0"]
[WhiteElo "2289"]
[BlackElo "1924"]
[Annotator "TA"]
[PlyCount "93"]
[EventDate "2018.08.20"]
[EventType "swiss"]
[EventCountry "ESP"]
[SourceTitle "playchess.com"]
[Source "ChessBase"]
[SourceQuality "1"]

{[%evp 12,93,0,-3,14,16,17,18,18,6,38,31,26,-7,12,19,20,21,22,20,23,12,28,39,43,35,56,42,64,74,189,193,202,202,189,135,128,92,152,145,152,152,152,145,145,145,154,117,110,115,169,122,160,159,182,181,165,143,143,141,141,142,142,114,157,157,157,157,181,181,181,181,181,181,181,175,2031,1666,29989,29990,29990,29991,29995,29996]} 1. b3 e5 2. Bb2 Nc6 3. e3 d6 4. d4 exd4 5. exd4 d5 (5... Nf6 6. Qd2 Be7 7. Nc3 O-O 8. O-O-O d5 9. Kb1 a5 10. a4 Nb4 11. f3 Bf5 12. Rc1 c6 13. g4 {½-½ (39) Carlsen,M (2832)-Guseinov,G (2645) chess.com INT 2017}) 6. Nf3 {A01: Nimzowitsch-Larsen Opening} Nf6 7. Bb5 {LiveBook: 4 Games} Bd7 8. O-O {The position is equal.} Be7 9. Re1 O-O 10. Nbd2 $146 ({Predecessor:} 10. a3 Re8 11. Nbd2 Bd6 12. Bd3 Rxe1+ 13. Qxe1 Ne7 14. c4 {½-½ (65) Handke,F (2545)-Ernst,T (2387) Legnica 2013}) 10... a6 11. Bf1 Bf5 12. Ne5 Nxe5 13. dxe5 Ne4 14. Bd3 Bb4 15. Bxe4 dxe4 16. c3 Ba5 17. Nxe4 Qxd1 18. Raxd1 Rad8 {[#] aiming for ...Bxe4.} 19. Ng3 Bc2 20. Rc1 Rd2 (20... Bd3 $16 {was called for.}) 21. Nf1 $18 Rfd8 22. Nxd2 Rxd2 23. e6 ({Better is} 23. c4 $18) 23... fxe6 $16 24. Rxe6 Bxb3 ({Black should try} 24... Bg6) 25. axb3 {[%cal Ba2b3,Bb3b4][%mdl 32]} Rxb2 {[%mdl 4096] Endgame KRR-KRB} 26. b4 Bb6 27. Re7 Rxf2 28. Kh1 a5 29. bxa5 Bxa5 30. c4 Rf5 (30... h6 $16 31. g3 Rf7 32. Re8+ Rf8) 31. g3 b5 32. Rd1 {[#] And now Rd8+ would win.} c6 33. cxb5 cxb5 34. Rdd7 Bc3 35. Re8+ Rf8 36. Rxf8+ Kxf8 {KR-KB} 37. Kg2 h6 38. Kf3 Kg8 39. Ke4 Kh7 40. Kf5 b4 41. Rb7 Bd2 42. g4 Be1 43. h3 {[%cal Bh2h3,Bh3h4,Bh4g5,Bg5g6][%mdl 32]} Bd2 $2 (43... Bc3 44. h4 Kg8) 44. h4 $18 {g5 would kill now.} b3 45. g5 {White mates.} hxg5 46. hxg5 b2 47. g6+ {Precision: White = 85%, Black = 35%.} 1-0

[Event "83rd ESP-ch Women-ch 2018"]
[Site "Linares"]
[Date "2018.08.25"]
[Round "6"]
[White "Esquivias Quintero, Luis Manuel"]
[Black "Cruz Ramirez, Nauzet"]
[Result "0-1"]
[WhiteElo "2260"]
[BlackElo "2037"]
[Annotator "TA"]
[PlyCount "49"]
[EventDate "2018.08.20"]
[EventType "swiss"]
[EventCountry "ESP"]
[SourceTitle "playchess.com"]
[Source "ChessBase"]
[SourceQuality "1"]

{[%evp 13,49,47,47,0,-10,-85,-21,-25,-16,-11,-8,-78,-22,-22,-21,-160,-161,-161,-161,-161,-168,-222,-156,-352,-339,-348,-163,-162,-154,-200,-189,-239,-222,-500,-497,-506,-490,-480]} 1. e4 e6 2. d4 d5 3. Nd2 Nf6 4. e5 Nfd7 5. c3 c5 6. Bd3 b5 {C06: French Tarrasch: 3...Nf6 4 e5 Nfd7 5 Bd3 main lines} (6... Nc6 7. Ne2 cxd4 8. cxd4 f6 9. exf6 Nxf6 10. O-O Bd6 11. Nf3 O-O 12. Bf4 Bxf4 13. Nxf4 Ng4 14. Qd2 Qf6 15. Ne2 e5 16. dxe5 Ngxe5 17. Nxe5 Qxe5 18. Rae1 Be6 19. Bb5 Qd6 20. Nd4 Bd7 21. Nb3 Rad8 22. Bxc6 bxc6 {½-½ (86) Jones,G (2666)-Volkov,S (2557) Linares 2018}) 7. Bxb5 Qb6 {LiveBook: 12 Games} 8. Qb3 (8. Qa4 $14) 8... cxd4 $11 {The position is equal.} 9. Bxd7+ $146 (9. Ngf3 $11) ({Predecessor:} 9. Ngf3 Nc6 10. cxd4 Ba6 11. a4 Rb8 12. O-O Bxb5 13. axb5 Qxb5 14. Qxb5 Rxb5 {0-1 (37) Ehret,T (2004)-Graf,F (2488) Deizisau 2014}) 9... Nxd7 (9... Bxd7 $17 10. cxd4 Nc6 11. Qxb6 axb6) 10. Qxb6 $1 Nxb6 {[%cal Bd7b6,Bb6c4,Bc4a5,Ba5b3][%mdl 32]} 11. cxd4 Ba6 12. Nf1 (12. b3 $11) 12... Rc8 (12... Bb4+ $17 13. Nd2 O-O) 13. Ne3 Nc4 14. a3 {[#]} (14. Kd1 $11 {remains equal.}) 14... Na5 $1 $36 {[%cal Ra5b3][%mdl 2048] White is under strong pressure.} 15. Bd2 Nb3 16. Rd1 Nxd4 17. f4 (17. Bc3 $142 Nb3 18. Nf3) 17... Be7 {...Nb3 is the strong threat.} 18. Ba5 $2 (18. Bc3 $17 {was worth a try.} Nb5 19. Ne2) 18... Nb3 $19 19. Bc3 {[#]} Bxa3 (19... d4 $142 $1 {[%mdl 512]} 20. Bxd4 Nxd4 21. Rxd4 Bc5) 20. Nf3 Bc5 21. Nc2 Bb6 22. Nb4 Bb5 {And now ...Rc4 would win.} 23. Nd4 $2 (23. Nc2) 23... Bxd4 24. Bxd4 Rc4 25. Bc3 {Precision: White = 19%, Black = 56%.} 0-1

[Event "83rd ESP-ch Women-ch 2018"]
[Site "Linares"]
[Date "2018.08.25"]
[Round "6"]
[White "Jimenez Bernal, Francisco"]
[Black "Pablos Tenrero, Raquel"]
[Result "1/2-1/2"]
[WhiteElo "2250"]
[BlackElo "2015"]
[Annotator "TA"]
[PlyCount "143"]
[EventDate "2018.08.20"]
[EventType "swiss"]
[EventCountry "ESP"]
[SourceTitle "playchess.com"]
[Source "ChessBase"]
[SourceQuality "1"]

{[%evp 15,142,30,46,51,64,63,98,88,92,87,84,85,94,94,130,146,132,98,120,115,130,126,159,150,139,138,142,134,133,133,142,79,77,66,64,33,48,23,22,22,52,30,92,61,95,62,68,64,77,68,83,73,95,83,154,83,117,116,134,45,58,52,88,48,63,15,8,0,0,0,0,0,0,0,0,-8,-8,-7,-8,-8,-8,-8,0,-114,-117,-91,-21,-29,-29,-14,0,-4,0,-6,0,0,0,0,0,0,0,0,0,0,0,0,0,0,0,0,0,0,0,0,0,0,0,0,0,0,0,0,0,0,0,0,0,0,0]} 1. d4 Nf6 2. c4 e6 3. Nf3 Bb4+ 4. Bd2 Qe7 5. g3 O-O 6. Bg2 Bxd2+ 7. Qxd2 Ne4 8. Qc2 Qb4+ {LiveBook: 17 Games. E11: Bogo-Indian} 9. Nfd2 (9. Nbd2 Nxd2 10. Nxd2 a5 11. O-O Qe7 12. Rac1 d6 13. c5 d5 14. e4 dxe4 15. Bxe4 h6 16. Rfe1 {0-1 (26) Yuffa,D (2527)-Dobrov,V (2522) Moscow 2017}) 9... Nf6 $146 ({Predecessor:} 9... Nxd2 10. Nxd2 Nc6 11. e3 Qe7 12. O-O d6 13. Rac1 Bd7 14. a3 Nd8 15. c5 Bc6 16. e4 {½-½ (29) Hawellek,J (2211)-Reddmann,H (2331) Hamburg 2003}) 10. O-O d5 {White is slightly better.} 11. a3 Qe7 12. Nc3 c6 13. e4 dxe4 14. Ndxe4 e5 15. Nxf6+ Qxf6 16. dxe5 Qxe5 17. Rfe1 Qc5 18. Ne4 Qf5 19. Qc3 Nd7 20. c5 Qe5 21. Rac1 Qxc3 22. Rxc3 ({Much weaker is} 22. bxc3 $6 f5 $11) 22... Rb8 23. b4 ({White should try} 23. Nd6) 23... Nf6 $16 24. Nxf6+ gxf6 25. Be4 Be6 26. Rd3 f5 27. Bf3 Kg7 28. Red1 Kf6 (28... a5 $11 {remains equal.}) 29. Rd6 Rg8 30. Kf1 Ke7 31. Ke2 Rgc8 32. Ke3 Rc7 33. R1d4 Kf6 34. Kf4 Rbc8 (34... Ra8 $142) 35. Rd8 (35. Bg2 $142) 35... b6 36. Rxc8 Rxc8 37. cxb6 ({Better is} 37. Ke3 $16) 37... axb6 {[%mdl 4096] Endgame KRB-KRB} 38. Rd6 c5 39. Rxb6 cxb4 40. Rxb4 Rc2 41. h4 Rxf2 {[#] Hoping for ...Bd5.} 42. Ke3 Ra2 43. a4 Bd7 44. Bd1 Ke5 45. Rd4 Bc6 46. Rc4 Bd5 47. Rc5 Ra3+ 48. Kf2 Kd4 49. Rb5 (49. Rc2 $11) 49... Ra2+ $17 50. Ke1 {[#] And now Rxd5+! would win.} Ra1 (50... Be4 $17 51. Be2 Rxa4) 51. Kd2 $11 Ra3 52. a5 Rxg3 {With the idea ...Rd3+.The position is equal.} 53. Rb4+ Kc5 54. Ra4 $1 Bb3 55. Bxb3 Rxb3 {KR-KR} 56. a6 {Strongly threatening a7.} Rb8 57. a7 Ra8 58. Ke3 Kb6 59. Kf4 Rxa7 60. Rxa7 Kxa7 61. Kxf5 {KPP-KP} Kb7 62. Kf6 Kc7 63. h5 Kd7 64. Kxf7 {KP-KP} h6 65. Kf6 Ke8 66. Kg7 Ke7 67. Kxh6 {Kg7 is the strong threat.} Kf8 (67... Kf6 {keeps more tension.} 68. Kh7 Kf7 69. Kh8 Kf6 70. h6 Kf7) 68. Kh7 Kf7 69. h6 {[%cal Bh5h6,Bh6h7][%mdl 32]} Kf8 70. Kg6 {White threatens h7 and mate.} Kg8 71. h7+ Kh8 72. Kh6 $2 {[%mdl 8192] Precision: White = 55%, Black = 59%.} (72. Kf6) 1/2-1/2

[Event "83rd ESP-ch Women-ch 2018"]
[Site "Linares"]
[Date "2018.08.25"]
[Round "6"]
[White "Sanchez Jerez, Emilio Miguel"]
[Black "Diaz Rodriguez, Jose Antonio"]
[Result "1/2-1/2"]
[WhiteElo "2246"]
[BlackElo "1991"]
[Annotator "TA"]
[PlyCount "87"]
[EventDate "2018.08.20"]
[EventType "swiss"]
[EventCountry "ESP"]
[SourceTitle "playchess.com"]
[Source "ChessBase"]
[SourceQuality "1"]

{[%evp 9,87,1,43,37,23,20,31,25,50,8,32,-95,100,108,104,100,91,78,118,103,241,220,278,272,263,280,369,349,406,403,473,433,408,402,479,475,472,462,484,434,552,503,525,502,530,525,530,524,567,464,616,454,407,342,552,552,556,530,536,536,897,889,1438,1345,2764,2793,6015,1960,1703,2585,1519,0,0,0,0,0,0,0,0,0]} 1. d4 Nf6 2. Bg5 Ne4 3. h4 h6 4. Bf4 d5 5. f3 (5. Nd2 Nxd2 6. Qxd2 Bf5 7. e3 e6 8. f3 Bd6 9. Ne2 Nc6 10. Ng3 Bxf4 11. Nxf5 exf5 12. exf4 Qe7+ {½-½ (26) Sethuraman,S (2656)-Arabidze,M (2360) Benasque 2016}) 5... Nd6 (5... Nf6 {is interesting.} 6. Nc3 Nh5 7. Be5 Nc6 8. e4 Nxe5 9. dxe5 e6) 6. Nc3 {A45: Trompowsky Attack} c6 7. e4 e6 $1 8. Bd3 {White is slightly better.} b5 $146 ({Predecessor:} 8... Bd7 9. g4 Be7 10. Bg3 Qb6 11. Nge2 Na6 12. b3 Nb4 {0-1 (60) Kalezic,B (1769)-Andjic,M (2039) Niksic 2018}) 9. Qe2 Nc4 10. exd5 (10. Bxc4 $14 dxc4 11. Qf2) 10... cxd5 $2 (10... Nxb2 $17 {Hoping for ...Qa5.} 11. dxe6 Bb4 12. exf7+ Kxf7) 11. O-O-O $36 {[%mdl 2048] Keeping Black busy.} Bd6 12. Bxd6 Nxd6 13. Nxd5 Bb7 14. Nf4 {aiming for d5.} (14. Bxb5+ Nxb5 15. Qxb5+ Bc6 $19) 14... Qe7 (14... O-O $16) 15. Bxb5+ $18 Kf8 16. Kb1 a5 17. a4 {[%cal Ba2a4,Ba4b5][%mdl 32]} Ba6 18. c4 Bxb5 19. axb5 ({Weaker is} 19. cxb5 Nd7 $18) 19... g6 20. g4 Nd7 21. c5 Kg7 22. cxd6 Qxd6 23. Ngh3 Rhb8 24. Rhe1 Rb6 25. d5 e5 26. Nd3 {[%cal Bf4d3,Bd3e5,Be5c4][%mdl 32]} Rxb5 27. Nxe5 Rab8 28. Nc4 Qb4 29. Rd2 a4 30. Rc1 a3 31. Nf2 Nc5 $2 (31... axb2 32. Rxb2 Qc5) 32. Nd3 $1 {[%cal Rd3b4]} ({Not} 32. Qe5+ Kg8 $18) 32... a2+ 33. Kxa2 Qb3+ 34. Kb1 {Threatens to win with Qe5+.} Na4 {intending ...Ra8.} 35. Qe5+ Kh7 36. h5 Ra8 37. hxg6+ fxg6 38. Qe7+ Kg8 39. Qe6+ ({And not} 39. Nde5 Qa2+ 40. Kc2 Qb3+ 41. Kb1 Qa2+ 42. Kc2 Qb3+ 43. Kb1 $11) 39... Kg7 {[#]} 40. Nde5 $2 (40. Na3 $1 $18 {White wants to mate with Rc7+.} Rb7 (40... Qxa3 41. Rc7+) 41. Nf4 Nc3+ {[#]} 42. Rxc3 $1 {[%mdl 512]} Qxc3 43. Qxg6+ Kh8 44. Rh2 Qe1+ 45. Ka2) 40... Qa2+ $1 $11 {The position is equal.} 41. Kc2 {White threatens Qf7+ and mate.} Qb3+ $1 42. Kb1 {Qf7+ would kill now.} Qa2+ $1 43. Kc2 {Intending Qf7+ and mate.} Qb3+ $1 44. Kb1 {Precision: White = 53%, Black = 37%.} 1/2-1/2